000 01820nam0a2200409 4500
001 RU\NLR\bibl\1717831
005 20260405104254.0
010 _a978-5-9273-1570-3
_9500
021 _aRU
_b2010-92988
_96259
035 _a(nilc)RSL-KNO-004834677
035 _a(NLR Aleph) 001708843
090 _a1267229
_c1267229
100 _a20101129d2009 |||y0rusy50 ca
101 0 _arus
102 _aRU
105 _aa |||||||||
200 1 _aСитуационное управление качеством состояния гидросферы
_fС. А. Жуков, В. С. Стародубцев
210 _aВоронеж
_cИздательско-полиграфический центр Воронежского гос. ун-та
_d2009
215 _a135 с.
_cил., табл.
_d21
225 1 _aГидросфера городов
320 _aБиблиогр.: с. 124-133 (96 назв.)
606 1 _aВодоемы
_xЗагрязнение отходами промышленных предприятий
_yВоронеж, город
_92611433
_3RU\NLR\auth\661547991
606 1 _aГидросфера
_xЗагрязнение
_yВоронеж, город
_92611462
_3RU\NLR\auth\661548020
686 _aД479,07
_2rubbk
686 _aД9(2Р345-4Вр-2В)47,07
_2rubbk
686 _aР121.150(2Р-4Вр)
686 _aД220.127(2Р345-4Вр-2)
700 1 _4070
_8rus
_7ca
_aЖуков
_bС. А.
_cканд. техн. наук
_f1958-
_gСергей Алексеевич
_3RU\NLR\AUTH\7739796
_922759
701 1 _aСтародубцев
_bВ. С.
_gВиктор Сергеевич
_4070
801 0 _aRU
_bRuMoRKP
_c20101129
_grcr
801 1 _aRU
_bRuMoRGB
_c20101129
801 2 _aRU
_bNLR
_c20101222
_grcr
830 _aавт. по кн.
942 _cBOOK
980 _aNB